00704nam a2200169 a 4500001000400000003000500004005001700009008004100026024002100067040002000088100002200108245011500130260003600245500018600281600005100467610001600518612CDMR20131217142654.0130130s1971||||||||||||||||||||||||||||d 2DLaM-20230-1971 aCDMRbcatcCDMR1 aZaragüeta, Juan10aCuarenta años de periodismob: colección de artículos publicados en ABC de 1930 a 1970cJuan Zaragüeta aMadridc1971bPrensa Española aEls nou primers articles va ser publicats durant la guerra a ABC, de Sevilla, i constitueixen un comentari del Fuero del Trabajo. Els restants han sigut publicats al ABC de Madrid1 aZaragüeta, JuanvRecull d'escritsy1930-19702 aABC (Diari)